Návrh štruktúry deponovanej vrstvy ako systému povlak-bok zuba z hľadiska požiadaviek vybraného ozubeného prevodu

Salvato in:
Dettagli Bibliografici
Autore principale: Vanya, Attila, 1985- (Autore)
Altri autori: Bošanský, Miroslav, 1953- (Relatore della tesi)
Natura: Libro
Lingua:slovacco
Pubblicazione: Bratislava : STU v Bratislave, 2012
Edizione:1. vyd.
Soggetti:
Tags: Aggiungi Tag
Nessun Tag, puoi essere il primo ad aggiungerne!!

MARC

LEADER 00000nam a22000003a 4500
001 stu255656
005 20150617230213.3
008 121011s--------xo------------------slo-d
040 |a STU  |b slo 
041 0 |a slo 
044 |a xo 
100 1 |a Vanya, Attila,  |d 1985-  |4 aut  |u J0030  |U SjF Strojnícka fakulta  |T SjF Ústav dopravnej techniky a konštruovania  |X 69671  |U J0030  |Y 806  |7 A000069671 
245 1 |a Návrh štruktúry deponovanej vrstvy ako systému povlak-bok zuba z hľadiska požiadaviek vybraného ozubeného prevodu 
250 |a 1. vyd. 
260 |a Bratislava :  |b STU v Bratislave,  |c 2012 
300 |a 105 s 
650 7 |a časti a mechanizmy strojov  |2 stusub 
700 1 |a Bošanský, Miroslav,  |d 1953-  |4 ths  |u J0030  |U SjF Strojnícka fakulta  |T SjF Ústav dopravnej techniky a konštruovania  |X 2406  |U J0030  |Y 806  |7 A000002406 
996 |b 284J040607  |c J*115380  |l JJST  |s P  |a 0  |w stu255656_0001